| 000 | 01330cam a2200325 i 4500 | ||
|---|---|---|---|
| 001 | 62442 | ||
| 003 | Mx-PuUPA | ||
| 005 | 20260227093721.0 | ||
| 008 | 150421s19801981mx af fr 001 0cspa|d | ||
| 040 |
_aMx-PuUPA _bspa _cMx-PuUPA _dMx-PuUPA _erda |
||
| 041 | 0 | _aspa | |
| 043 | _an-mx--- | ||
| 100 | 1 |
_aLópez Beltrán, Lauro, _eautor _9336 |
|
| 245 | 1 | 0 |
_aObras guadalupanas de Lauro López Beltran : _b450 aniversario guadalupano : 1531-1981 / _cLauro López Beltrán |
| 250 | _aPrimera edición | ||
| 264 | 1 |
_aMéxico, D.F. : _bEditorial Tradición, _c1980-1981 |
|
| 300 |
_a5 volúmenes (paginción varía) : _bilustraciones, láminas ; _c24 cm |
||
| 336 |
_atexto _2rdacontent _btxt |
||
| 337 |
_asin medio _2rdamedia _bn |
||
| 338 |
_avolumen _2rdacarrier _bnc |
||
| 505 | 0 |
_gTomo 1. _tHomenaje lírico gudalupano - _gTomo 2. _tEl autor del relato original guadalupano - _gTomo 3. _tLa protohistoria guadalupana - _gTomo 4. _tLa primera historia guadalupana impresa - _gTomo 5. _tLa historicidad de Juan Diego. |
|
| 600 | 0 | 4 | _aNuestra Señora de Guadalupe |
| 600 | 0 | 4 |
_aJuan Diego, _tSanto _y1474-1542 |
| 650 | 7 |
_2armarc _aCatólicos _vBiografías _zMéxico |
|
| 650 | 7 |
_2armarc _aBiografías colectivas |
|
| 942 |
_2ddc _cLI _h230.93 _iL86 |
||
| 999 |
_c62442 _d62442 |
||